Southville International School and Colleges
Your cart is empty.
  • Cart
  • Lists
    Public lists Eva Luna New books Lux_list list_1
    Your lists Log in to create your own lists
  • Log in to your account
  • Your cookies
  • Search history
Southville International School and Colleges
  • Advanced search
  • Recent comments
  • Most popular
  • Libraries

Log in to your account

Log in with GOOGLE


If you do not have an external account, but do have a local account, you can still log in:

  1. Home
  2. MARC view: Eagle song /
Normal view MARC view ISBD view

Eagle song / (Record no. 34546)

[ view plain ]
MARC details
000 -LEADER
fixed length control field 01209pam a2200373 a 4500
001 - CONTROL NUMBER
control field 2563126
003 - CONTROL NUMBER IDENTIFIER
control field OSt
005 - DATE AND TIME OF LATEST TRANSACTION
control field 20140310184448.0
008 - FIXED-LENGTH DATA ELEMENTS--GENERAL INFORMATION
fixed length control field 951226s1997 nyua j 000 1 eng
010 ## - LIBRARY OF CONGRESS CONTROL NUMBER
LC control number 95052861
020 ## - INTERNATIONAL STANDARD BOOK NUMBER
International Standard Book Number 0439099145
040 ## - CATALOGING SOURCE
Original cataloging agency DLC
Transcribing agency DLC
Modifying agency DLC
042 ## - AUTHENTICATION CODE
Authentication code lcac
050 00 - LIBRARY OF CONGRESS CALL NUMBER
Classification number PZ 7
Item number .B82816Eag 1999
100 1# - MAIN ENTRY--PERSONAL NAME
Personal name Bruchac, Joseph,
Dates associated with a name 1942-
9 (RLIN) 27862
245 10 - TITLE STATEMENT
Title Eagle song /
Statement of responsibility, etc Joseph Bruchac ; pictures by Dan Andreasen.
250 ## - EDITION STATEMENT
Edition statement 1st ed.
260 ## - PUBLICATION, DISTRIBUTION, ETC. (IMPRINT)
Place of publication, distribution, etc New York :
Name of publisher, distributor, etc Dial Books for Young Readers,
Date of publication, distribution, etc 1999.
300 ## - PHYSICAL DESCRIPTION
Extent 80 p. :
Other physical details ill. ;
Dimensions 22 cm.
521 ## - TARGET AUDIENCE NOTE
Target audience note
526 ## - STUDY PROGRAM INFORMATION NOTE
Reading level 680
650 #0 - SUBJECT ADDED ENTRY--TOPICAL TERM
Topical term or geographic name as entry element Mohawk Indians
General subdivision Juvenile fiction.
9 (RLIN) 27863
650 #1 - SUBJECT ADDED ENTRY--TOPICAL TERM
Topical term or geographic name as entry element Mohawk Indians
General subdivision Fiction.
9 (RLIN) 27864
650 #1 - SUBJECT ADDED ENTRY--TOPICAL TERM
Topical term or geographic name as entry element Indians of North America
General subdivision Fiction.
9 (RLIN) 27865
650 #1 - SUBJECT ADDED ENTRY--TOPICAL TERM
Topical term or geographic name as entry element Moving, Household
General subdivision Fiction.
9 (RLIN) 27866
650 #1 - SUBJECT ADDED ENTRY--TOPICAL TERM
Topical term or geographic name as entry element Prejudices
General subdivision Fiction.
9 (RLIN) 27867
650 #1 - SUBJECT ADDED ENTRY--TOPICAL TERM
Topical term or geographic name as entry element Schools
General subdivision Fiction.
9 (RLIN) 27868
700 1# - ADDED ENTRY--PERSONAL NAME
Personal name Andreasen, Dan,
Relator term ill.
9 (RLIN) 27869
906 ## - LOCAL DATA ELEMENT F, LDF (RLIN)
a 7
b cbc
c orignew
d 1
e ocip
f 19
g y-gencatlg
942 ## - ADDED ENTRY ELEMENTS (KOHA)
Source of classification or shelving scheme Library of Congress Classification
Koha item type
Holdings
Withdrawn status Lost status Source of classification or shelving scheme Damaged status Home library Current library Shelving location Date acquired Total Checkouts Full call number Barcode Date last seen Copy number Price effective from Koha item type
    Library of Congress Classification   Luxembourg Library Luxembourg Library Scholastic Reading Center Section 10/10/2013   PZ 7 .B82816Eag 1999 LEX3093 04/18/2017 1 10/10/2013 Books
    Library of Congress Classification   Luxembourg Library Luxembourg Library Scholastic Reading Center Section 10/11/2013   PZ 7 .B82816Eag 1999 LEX2824 04/18/2017 2 10/11/2013 Books

Eagle song /

APA

Bruchac J., Andreasen D., . (1999). Eagle song. New York: Dial Books for Young Readers.

Chicago

Bruchac Joseph, Andreasen Dan, . 1999. Eagle song. New York: Dial Books for Young Readers.

Harvard

Bruchac J., Andreasen D., . (1999). Eagle song. New York: Dial Books for Young Readers.

MLA

Bruchac Joseph, Andreasen Dan, . Eagle song. New York: Dial Books for Young Readers. 1999.

  • Place hold
  • Print
  • Cite
  • Add to your cart (remove)
  • Save record
    BIBTEX Dublin Core MARCXML MARC (non-Unicode/MARC-8) MARC (Unicode/UTF-8) MARC (Unicode/UTF-8, Standard) MODS (XML) RIS
  • More searches
    Search for this title in:
    Other Libraries (WorldCat) Other Databases (Google Scholar) Online Stores (Bookfinder.com) Open Library (openlibrary.org)

Exporting to Dublin Core...

SOUTHVILLE LIBRARY

Southville International School and Colleges Library

1281 Tropical Ave. Cor. Luxembourg St., BF Homes International, Las Pinas City

Tel. No. 8256374 / 252358 Loc. 117/146

Powered by Koha